[Event "Flint (Class A/1)"]
[Site "?"]
[Date "1992.??.??"]
[Round "?"]
[White "Rosenberg, Steve"]
[Black "Boes, Jeff"]
[Result "0-1"]
[WhiteElo "1805"]
[BlackElo "1885"]
[PlyCount "90"]
[EventDate "1992.??.??"]

1. d4 Nf6 2. c4 e6 3. Nc3 Bb4 4. a3 Bxc3+ 5. bxc3 Ne4 6. Qd3 f5 7. Nf3 O-O 8.
Nd2 Qf6 9. g3 c5 10. Bg2 d5 11. cxd5 exd5 12. O-O cxd4 13. Nxe4 dxe4 14. Qxd4
Nc6 15. Qd2 Be6 16. Bb2 Rfd8 17. Qc2 Qf7 18. f3 e3 19. f4 Rd2 20. Qb1 Rad8 21.
Bc1 Rd1 22. Qb2 Rxf1+ 23. Bxf1 Na5 24. Bxe3 Nc4 25. Qc1 Bd5 26. Bd4 Qe6 27. Bg2
Bxg2 28. Kxg2 Qxe2+ 29. Kg1 Nd2 30. Bf2 Nf3+ 31. Kg2 Rd2 32. Qf1 Qe4 33. Kh1
Re2 34. Qg2 Qd3 35. c4 Rc2 36. Rf1 Re2 37. a4 Rd2 38. Qh3 g6 39. g4 Rd1 40.
Rxd1 Qxd1+ 41. Kg2 fxg4 42. Qxg4 Ne1+ 43. Kh3 Qd3+ 44. Bg3 Qf1+ 45. Kh4 Nf3+
0-1

[Event "Detroit (MOR/4/52)"]
[Site "?"]
[Date "1992.??.??"]
[Round "?"]
[White "Rosenberg, Steve"]
[Black "Alliston, Richard"]
[Result "1/2-1/2"]
[WhiteElo "1745"]
[BlackElo "1650"]
[PlyCount "99"]
[EventDate "1992.??.??"]

{4/(52)} 1. e4 e5 2. Nf3 d6 3. Nc3 Bg4 4. Be2 Nf6 5. d3 Be7 6. Be3 Nbd7 7. O-O
O-O 8. Ne1 Bxe2 9. Qxe2 a6 10. f4 c6 11. fxe5 Nxe5 12. h3 Re8 13. Kh1 Rc8 14.
Bd4 Qd7 15. Bxe5 dxe5 16. Qf2 Bd6 17. Ne2 c5 18. Ng3 c4 19. Nf5 Bf8 20. Qg3 Qe6
21. Qg5 Kh8 22. a3 cxd3 23. cxd3 g6 24. Nd4 exd4 25. Qxf6+ Qxf6 26. Rxf6 Kg8
27. Rf2 Rc7 28. Nf3 Bh6 29. Raf1 Be3 30. Re2 Rec8 31. Ne5 Rc1 32. Ree1 Rxe1 33.
Rxe1 Rc1 34. Rxc1 Bxc1 35. a4 Bxb2 36. g4 b5 37. axb5 axb5 38. Nc6 Bc3 39. Kg2
b4 40. Na5 Kg7 41. Kf3 Kf6 42. Nb3 g5 43. Na5 Ke6 44. Ke2 h6 45. Nb3 Ke5 46.
Kf3 Kd6 47. Ke2 Kc6 48. Kd1 Kb5 49. Kc2 Ka4 50. Nc5+ 1/2-1/2

[Event "Detroit (MOR/7/79)"]
[Site "?"]
[Date "1992.??.??"]
[Round "?"]
[White "Rosebrook, G."]
[Black "Whitley, D."]
[Result "0-1"]
[WhiteElo "1605"]
[BlackElo "1615"]
[PlyCount "64"]
[EventDate "1992.??.??"]

{7/(79)} 1. e4 e6 2. c3 d5 3. e5 c5 4. Nf3 Nc6 5. Bb5 Bd7 6. Bxc6 Bxc6 7. O-O
Ne7 8. d4 Ng6 9. Be3 cxd4 10. Qxd4 Be7 11. Nbd2 O-O 12. Rfe1 Qc7 13. a3 Bd7 14.
Rac1 f6 15. Bf4 Nxf4 16. Qxf4 fxe5 17. Qxe5 Bd6 18. Qd4 Rf4 19. Qd3 h6 20. g3
Rf5 21. Nd4 Rf6 22. Re3 Raf8 23. Rf3 e5 24. Rxf6 Rxf6 25. Nb5 Qb6 26. Qxd5+ Kh8
27. Ne4 Bc6 28. Qg8+ Kxg8 29. Nxf6+ gxf6 30. Nxd6 Qxb2 31. Rd1 Qe2 32. Rf1 Qf3
0-1

[Event "Ann Arbor (HVA/2/13)"]
[Site "?"]
[Date "1992.??.??"]
[Round "?"]
[White "Rosebrook, G."]
[Black "Vega, D."]
[Result "0-1"]
[WhiteElo "1605"]
[BlackElo "1655"]
[PlyCount "62"]
[EventDate "1992.??.??"]

{2/(13)} 1. e4 c5 2. Nf3 d6 3. c3 Nf6 4. h3 g6 5. Qc2 Nbd7 6. d4 cxd4 7. cxd4
Bg7 8. Bg5 O-O 9. Bc4 e6 10. Nc3 Qc7 11. Nb5 Qc6 12. Nd2 Ne8 13. Be3 d5 14. Bd3
Qb6 15. Nb3 a6 16. Nc3 dxe4 17. Nxe4 Nc7 18. d5 Qb4+ 19. Bd2 Qe7 20. d6 Qe8 21.
dxc7 f5 22. Ng5 h6 23. Nf3 b5 24. O-O Bb7 25. Rfe1 Rc8 26. Nh4 Ne5 27. Rxe5
Bxe5 28. Bxh6 Rf7 29. Nxg6 Rfxc7 30. Qe2 Qxg6 31. Qxe5 Qxg2# 0-1

[Event "East Lansing (MI Am/4)"]
[Site "?"]
[Date "1992.??.??"]
[Round "?"]
[White "Rosebrook, G."]
[Black "Spencer, Gordon"]
[Result "0-1"]
[WhiteElo "1605"]
[BlackElo "1605"]
[PlyCount "70"]
[EventDate "1992.??.??"]

1. e4 c5 2. Nf3 d6 3. c3 Nd7 4. d4 cxd4 5. cxd4 g6 6. Nc3 Bg7 7. Bc4 e6 8. Bd2
Ne7 9. Qa4 O-O 10. Qc2 a6 11. Ng5 Nb6 12. Bb3 Bxd4 13. Be3 Nc6 14. Nf3 Bxe3 15.
fxe3 Bd7 16. Qf2 Rc8 17. O-O Na5 18. Qg3 Nbc4 19. Qf2 Qb6 20. Rad1 Nxb3 21.
axb3 Qxb3 22. Nd4 Qxb2 23. Qxb2 Nxb2 24. Rb1 Rxc3 25. Rxb2 b5 26. Kf2 e5 27.
Nc2 a5 28. Rd1 Rfc8 29. Rd2 b4 30. Ne1 R8c6 31. Ke2 Be6 32. Kf2 b3 33. Nd3 Rc2
34. Ne1 Rxb2 35. Rxb2 a4 0-1

[Event "Ann Arbor (HVA/5/16)"]
[Site "?"]
[Date "1992.??.??"]
[Round "?"]
[White "Rosebrook, G."]
[Black "Smalec, Joseph"]
[Result "1-0"]
[WhiteElo "1605"]
[BlackElo "1605"]
[PlyCount "49"]
[EventDate "1992.??.??"]

{5/(16)} 1. e4 e5 2. Nf3 Nf6 3. Bc4 Bc5 4. Nc3 d5 5. exd5 Qd7 6. Nxe5 Qe7 7.
Qe2 Bg4 8. f3 Bf5 9. d3 O-O 10. Bg5 h6 11. Bh4 g5 12. Bg3 h5 13. O-O-O h4 14.
Bf2 Bxf2 15. Qxf2 Qb4 16. a3 Qe7 17. Rhe1 g4 18. fxg4 Nxg4 19. Nxg4 Bxg4 20.
Rxe7 Bxd1 21. Qxh4 Nc6 22. dxc6 bxc6 23. Qg5+ Kh8 24. d4 f6 25. Qh6# 1-0

[Event "Ann Arbor (HVA/4/12)"]
[Site "?"]
[Date "1992.??.??"]
[Round "?"]
[White "Rosebrook, G."]
[Black "Rysztak, R."]
[Result "0-1"]
[WhiteElo "1605"]
[BlackElo "1885"]
[PlyCount "72"]
[EventDate "1992.??.??"]

{4/(12)} 1. e4 d5 2. exd5 Nf6 3. c4 c6 4. Nc3 cxd5 5. Nf3 d4 6. Ne2 Nc6 7. d3
e5 8. a3 a5 9. Bg5 Bd6 10. Nd2 Bf5 11. Ng3 Bg6 12. Be2 h6 13. Bh4 a4 14. Nge4
Bf5 15. Nxf6+ gxf6 16. Bg4 Bg6 17. O-O Be7 18. Be2 f5 19. Bxe7 Qxe7 20. Re1 O-O
21. Rc1 e4 22. dxe4 fxe4 23. c5 Qg5 24. Nf1 d3 25. Bg4 f5 26. Bh3 Nd4 27. Kh1
Nb3 28. Rc3 Bh5 29. f3 Nd4 30. Ng3 Nxf3 31. Nxh5 Nxe1 32. Qxe1 Qxh5 33. Qg3+
Qg5 34. Qe5 Rad8 35. Qe6+ Rf7 36. Qb6 d2 0-1

[Event "East Lansing (MI Am/2)"]
[Site "?"]
[Date "1992.??.??"]
[Round "?"]
[White "Rosebrook, G."]
[Black "Reist, Douglas"]
[Result "0-1"]
[WhiteElo "1605"]
[BlackElo "1605"]
[PlyCount "108"]
[EventDate "1992.??.??"]

1. e4 c5 2. Nf3 d6 3. c3 Nc6 4. Bc4 e6 5. O-O Nf6 6. d3 Bd7 7. a3 Qb6 8. Re1
Be7 9. Nbd2 O-O 10. Nf1 Na5 11. Ba2 Rae8 12. Rb1 e5 13. b4 Nc6 14. Ne3 cxb4 15.
axb4 Be6 16. Bxe6 fxe6 17. Nc4 Qc7 18. Be3 d5 19. Na3 d4 20. Ng5 dxe3 21. Nxe6
exf2+ 22. Kxf2 Nxe4+ 23. Kg1 Qd6 24. Nxf8 Nxc3 25. Qb3+ Nd5 26. Nxh7 Kxh7 27.
Qc4 Ncxb4 28. Qe4+ Kg8 29. Nc4 Qc5+ 30. Kh1 Nc3 31. Qf5 Nxb1 32. Qe6+ Kh7 33.
Rxe5 Qg1+ 34. Kxg1 Bc5+ 35. Rxc5 Rxe6 36. Rb5 Re1+ 37. Kf2 Nxd3+ 38. Kg3 Nc3
39. Rxb7 Ne4+ 40. Kg4 Nf6+ 41. Kf3 Re4 42. Nd6 Ne5+ 43. Kf2 Nfg4+ 44. Kg3 Re3+
45. Kf4 a5 46. h3 Rd3 47. hxg4 Ng6+ 48. Ke4 Rxd6 49. Ra7 Re6+ 50. Kd4 Re5 51.
Kc3 Re3+ 52. Kb2 Rg3 53. Rxa5 Rxg2+ 54. Kb3 Rxg4 0-1

[Event "Detroit (MOR/2/106)"]
[Site "?"]
[Date "1992.??.??"]
[Round "?"]
[White "Rosebrook, G."]
[Black "Raupp, Christine"]
[Result "1-0"]
[WhiteElo "1605"]
[BlackElo "1605"]
[PlyCount "71"]
[EventDate "1992.??.??"]

{2/(106)} 1. e4 e6 2. c3 d5 3. Nf3 dxe4 4. Qa4+ Bd7 5. Qxe4 Nf6 6. Qc2 Bd6 7.
Be2 Nc6 8. d4 Ne7 9. Bg5 Nf5 10. Nbd2 Qe7 11. O-O-O O-O 12. Rhe1 c5 13. Bd3
cxd4 14. Bxf5 dxc3 15. bxc3 Qd8 16. Bxh7+ Kh8 17. Nc4 Be7 18. Bd3 Qc7 19. Nfe5
Bb5 20. Bf4 Qc5 21. Re3 Bxc4 22. Rh3+ Kg8 23. Bh7+ Kh8 24. Nxc4 Qxc4 25. Bd3+
Kg8 26. Bxc4 Ba3+ 27. Kb1 Rac8 28. Qb3 Bc5 29. Bxe6 fxe6 30. Qxe6+ Rf7 31.
Qxc8+ Bf8 32. Qc4 Nh7 33. Rxh7 Kxh7 34. Qxf7 Bc5 35. Rd5 Bxf2 36. Rh5# 1-0

[Event "Detroit (MOR/4/102)"]
[Site "?"]
[Date "1992.??.??"]
[Round "?"]
[White "Rosebrook, G."]
[Black "Pratto, R."]
[Result "0-1"]
[WhiteElo "1605"]
[BlackElo "1605"]
[PlyCount "64"]
[EventDate "1992.??.??"]

{4/(102)} 1. e4 c5 2. Nf3 d6 3. c3 a6 4. Bc4 e6 5. d4 d5 6. Bd3 dxe4 7. Bxe4
Nf6 8. Bg5 Be7 9. Bxf6 Bxf6 10. O-O cxd4 11. cxd4 O-O 12. Nc3 Qc7 13. Rc1 Qb6
14. Qd3 Rd8 15. Bxh7+ Kf8 16. Ne4 Nc6 17. Nxf6 gxf6 18. Qa3+ Kg7 19. Qd3 Nxd4
20. Be4 f5 21. Nxd4 Rxd4 22. Qg3+ Kf8 23. Bb1 Bd7 24. Qg5 Rg4 25. Qd2 Bc6 26.
g3 Ke7 27. Rfe1 Qb5 28. h3 Rh8 29. h4 Rhxh4 30. Be4 fxe4 31. Qe3 Ke8 32. Re2
Qh5 0-1

[Event "Flint (MI Senior/2)"]
[Site "?"]
[Date "1992.??.??"]
[Round "?"]
[White "Rosebrook, G."]
[Black "Kruskie, Jerry"]
[Result "0-1"]
[WhiteElo "1830"]
[BlackElo "1605"]
[PlyCount "96"]
[EventDate "1992.??.??"]

1. e4 c5 2. Nf3 Nc6 3. c3 Nf6 4. d3 d6 5. h3 g6 6. Be2 Bg7 7. Nbd2 O-O 8. Nf1
b5 9. Ng3 b4 10. Bd2 Bd7 11. O-O a5 12. Re1 Qb6 13. Rb1 Be6 14. c4 h6 15. Qc1
Kh7 16. Bd1 Nd7 17. Ba4 Nde5 18. Re3 Nd4 19. Nxd4 cxd4 20. Re2 Nxd3 21. Qc2 Ne5
22. Rc1 Nxc4 23. Qd1 Rac8 24. Bc2 Nxd2 25. Qxd2 Bxa2 26. Ra1 Be6 27. Bd3 Bc4
28. f4 Bxd3 29. Qxd3 Qc5 30. f5 Qc2 31. Qb5 Rc5 32. Qd7 Bf6 33. fxg6+ fxg6 34.
Rf1 Re5 35. Ref2 Qc8 36. Qa4 Bh4 37. Rxf8 Qxf8 38. Rc1 Bf6 39. Qc2 Qa8 40. Qf2
Kg7 41. Rc4 a4 42. h4 h5 43. Qf1 a3 44. bxa3 bxa3 45. Qa1 a2 46. Ne2 Rb5 47.
Rc1 d3 48. Nd4 Qa7 0-1

[Event "Detroit (Pan Am/1)"]
[Site "?"]
[Date "1992.??.??"]
[Round "?"]
[White "Rosebrook, G."]
[Black "Gaiefsky, Mike"]
[Result "0-1"]
[WhiteElo "1605"]
[BlackElo "1815"]
[PlyCount "78"]
[EventDate "1992.??.??"]

1. e4 c5 2. Nf3 d6 3. c3 Nf6 4. Be2 Nc6 5. d3 g6 6. O-O Bg7 7. Re1 O-O 8. Nbd2
Qc7 9. Nf1 d5 10. exd5 Nxd5 11. Ng5 h6 12. Ne4 b6 13. Bd2 Be6 14. Qc1 Kh7 15.
a3 f5 16. c4 fxe4 17. cxd5 Bxd5 18. dxe4 Bxe4 19. Bc4 Bf5 20. Ng3 e5 21. b4 Nd4
22. bxc5 bxc5 23. Bb4 Kh8 24. Bd5 Rac8 25. Bd2 Kh7 26. Bc4 Qd7 27. h3 Nc2 28.
Ra2 Nxe1 29. Qxe1 Bd3 30. Bb3 c4 31. Bd1 Rce8 32. Be3 e4 33. Bg4 Qb7 34. Kh2
Qb1 35. Qxb1 Bxb1 36. Ra1 Bd3 37. Rd1 Rf7 38. Ne2 h5 39. Bxh5 gxh5 0-1

[Event "Detroit (MOR/6/97)"]
[Site "?"]
[Date "1992.??.??"]
[Round "?"]
[White "Rosebrook, G."]
[Black "Eggenberger, Jeffrey"]
[Result "1-0"]
[WhiteElo "1605"]
[BlackElo "1605"]
[PlyCount "79"]
[EventDate "1992.??.??"]

{6/(97)} 1. e4 c6 2. c3 e5 3. Nf3 d5 4. Qc2 Nf6 5. d3 dxe4 6. Nxe5 Ng4 7. Nxg4
exd3 8. Bxd3 Bxg4 9. O-O g6 10. Re1+ Be7 11. Bg5 O-O 12. Bxe7 Re8 13. Bxd8
Rxe1+ 14. Bf1 Be2 15. Qxe2 Rxe2 16. Bxe2 Nd7 17. Bg5 Re8 18. Be3 Nf6 19. Nd2
Nd5 20. Nf1 Nf4 21. Ng3 Nxe2+ 22. Nxe2 f5 23. g3 Rxe3 24. fxe3 Kf7 25. Rd1 Kf6
26. Rd7 h6 27. Rxb7 h5 28. Rxa7 Kg5 29. Ra4 Kh6 30. Rc4 Kg5 31. Rxc6 Kh6 32. h4
Kg7 33. Nf4 Kh7 34. a4 Kg7 35. Rxg6+ Kh7 36. a5 Kh8 37. a6 Kh7 38. a7 Kh8 39.
a8=Q+ Kh7 40. Qg8# 1-0

[Event "Detroit (Pan Am/3)"]
[Site "?"]
[Date "1992.??.??"]
[Round "?"]
[White "Rosebrook, G."]
[Black "Clark, M."]
[Result "1-0"]
[WhiteElo "1605"]
[BlackElo "1605"]
[PlyCount "41"]
[EventDate "1992.??.??"]

1. e4 e5 2. Nf3 Nc6 3. c3 Nf6 4. Qc2 Bc5 5. d3 O-O 6. Bg5 d5 7. Nxe5 Nxe5 8. d4
Bxd4 9. cxd4 Nc6 10. e5 Nxd4 11. Qd3 c5 12. exf6 gxf6 13. Be3 Bf5 14. Qd1 Nc2+
15. Kd2 Nxa1 16. Bd3 Bxd3 17. Kxd3 c4+ 18. Kd2 Rc8 19. Bh6 Re8 20. Qg4+ Kh8 21.
Qg7# 1-0

[Event "Flint (MI Senior/4)"]
[Site "?"]
[Date "1992.??.??"]
[Round "?"]
[White "Rosebrook, G."]
[Black "Caron, L."]
[Result "1-0"]
[WhiteElo "1605"]
[BlackElo "1605"]
[PlyCount "81"]
[EventDate "1992.??.??"]

1. e4 c5 2. Nf3 d6 3. c3 Nc6 4. Bc4 e6 5. d3 Nf6 6. a3 a6 7. Nbd2 Be7 8. Ba2 b5
9. O-O O-O 10. Re1 e5 11. h3 h6 12. Nf1 Be6 13. Ng3 d5 14. c4 d4 15. Bd2 a5 16.
cxb5 Na7 17. a4 Rb8 18. Nxe5 Bxa2 19. Rxa2 Bd6 20. f4 Bxe5 21. fxe5 Nd7 22. Qh5
Kh7 23. Rf1 Rb6 24. Bxa5 Qg5 25. Qxg5 hxg5 26. Bxb6 Nxb6 27. e6 Kg8 28. Rf5 f6
29. Rxc5 Rc8 30. Rxc8+ Nbxc8 31. Nf5 Kf8 32. b3 Ke8 33. Rc2 Kd8 34. Nxd4 g6 35.
Nc6+ Nxc6 36. Rxc6 Ne7 37. Rd6+ Ke8 38. b6 Nc8 39. b7 Nxd6 40. b8=Q+ Ke7 41.
Qg8 1-0

[Event "Detroit (Pan Am/5)"]
[Site "?"]
[Date "1992.??.??"]
[Round "?"]
[White "Rosebrook, G."]
[Black "Calton, David A"]
[Result "0-1"]
[WhiteElo "1605"]
[BlackElo "1785"]
[PlyCount "64"]
[EventDate "1992.??.??"]

1. e4 b6 2. Nf3 Bb7 3. c3 Bxe4 4. Ng5 Bg6 5. Qf3 Nc6 6. Bd3 Nf6 7. Bxg6 hxg6 8.
d3 e6 9. O-O d5 10. Re1 Bd6 11. Qe2 Bxh2+ 12. Kf1 Bf4 13. Nh3 Bxc1 14. Rxc1 Qd6
15. Ke1 O-O-O 16. Na3 Qh2 17. Qf3 Ne5 18. Qg3 Qxg3 19. fxg3 Nxd3+ 20. Kd2 Nxc1
21. Rxc1 Ne4+ 22. Ke3 Nxg3 23. Nb5 c6 24. Nd4 Rxh3 25. gxh3 Nf5+ 26. Nxf5 gxf5
27. Rh1 e5 28. h4 f4+ 29. Kf3 f6 30. h5 Rh8 31. Kg4 g6 32. h6 Kd7 0-1

[Event "Ann Arbor (HVA/5/1)"]
[Site "?"]
[Date "1992.??.??"]
[Round "?"]
[White "Roe, G."]
[Black "Skidmore, Mike"]
[Result "0-1"]
[WhiteElo "1700"]
[BlackElo "1900"]
[PlyCount "56"]
[EventDate "1992.??.??"]

{5/(1)} 1. e4 c6 2. d4 d5 3. Nc3 dxe4 4. Nxe4 Nd7 5. Nf3 Ngf6 6. Bd3 Nxe4 7.
Bxe4 Nf6 8. Bd3 Bg4 9. c3 Qc7 10. h3 Bh5 11. g4 Bg6 12. Ne5 e6 13. f4 Bxd3 14.
Qxd3 O-O-O 15. Qf3 Bd6 16. Bd2 Bxe5 17. dxe5 Nd5 18. O-O-O Rd7 19. Be1 Rhd8 20.
Bh4 Re8 21. Rhe1 Qa5 22. Kb1 Qa4 23. Rf1 f6 24. exf6 gxf6 25. Ka1 Red8 26. Rd4
Nb4 27. cxb4 Rxd4 28. b3 Qa3 0-1

[Event "Ann Arbor (HVA/2/7)"]
[Site "?"]
[Date "1992.??.??"]
[Round "?"]
[White "Roe, G."]
[Black "Potter, George"]
[Result "1-0"]
[WhiteElo "1700"]
[BlackElo "1870"]
[PlyCount "96"]
[EventDate "1992.??.??"]

{2/(7)} 1. e4 e5 2. Nf3 Nc6 3. Bb5 d6 4. d4 exd4 5. O-O Bd7 6. Bxc6 Bxc6 7.
Nxd4 Be7 8. Nxc6 bxc6 9. Bf4 Nf6 10. e5 Nd5 11. Bg3 O-O 12. c4 Nb6 13. Nd2 d5
14. Qc2 Bb4 15. c5 Bxd2 16. cxb6 Ba5 17. bxa7 Re8 18. Qxc6 Re6 19. Qc2 Bb6 20.
Qd3 c5 21. Rfd1 d4 22. f4 Rxa7 23. Bf2 Rc7 24. Rac1 Rec6 25. Rc4 Qd5 26. Rdc1
Rd7 27. b4 Rg6 28. g3 cxb4 29. Rxb4 h5 30. Rc8+ Kh7 31. f5 Rc6 32. Rxc6 Qxc6
33. e6 Rc7 34. f6+ Kg8 35. e7 gxf6 36. e8=Q+ Qxe8 37. Rxb6 Rc1+ 38. Kg2 Qa8+
39. Qf3 Qxa2 40. Qxf6 Qd5+ 41. Qf3 Qe5 42. Rf6 Rc3 43. Qf5 Qc7 44. Qxh5 Qb7+
45. Kh3 d3 46. Rh6 Qd7+ 47. Qg4+ Qxg4+ 48. Kxg4 Rc2 1-0

[Event "Ann Arbor (HVA/3/3)"]
[Site "?"]
[Date "1992.??.??"]
[Round "?"]
[White "Roe, G."]
[Black "June, Brian"]
[Result "1-0"]
[WhiteElo "1700"]
[BlackElo "1880"]
[PlyCount "107"]
[EventDate "1992.??.??"]

{3/(3)} 1. e4 c5 2. Nf3 Nc6 3. b3 d6 4. d4 cxd4 5. Nxd4 Nf6 6. Nc3 g6 7. Bb2
Bg7 8. Nxc6 bxc6 9. e5 Ng4 10. exd6 Qxd6 11. Qxd6 exd6 12. Be2 O-O 13. O-O Re8
14. Rfe1 Bf5 15. Bxg4 Bxg4 16. Na4 Bh6 17. h3 Bf5 18. c4 Bd2 19. Rxe8+ Rxe8 20.
Bc3 Bf4 21. Re1 Rxe1+ 22. Bxe1 Be5 23. Bc3 Bf4 24. Bd4 c5 25. Bf6 Kf8 26. Kf1
Ke8 27. Ke1 Kd7 28. g3 Ke6 29. Bb2 Be5 30. Bxe5 Kxe5 31. h4 Kd4 32. Kd2 Ke4 33.
Nc3+ Kf3 34. Ke1 a6 35. Na4 Be4 36. Nc3 Bc6 37. Nd1 f5 38. Nc3 f4 39. Ne2 fxg3
40. fxg3 Be4 41. Kd2 Bf5 42. a3 a5 43. Kd1 Bc2+ 44. Kxc2 Kxe2 45. Kc3 Ke3 46.
b4 cxb4+ 47. axb4 axb4+ 48. Kxb4 Kd4 49. Kb5 h6 50. Kc6 Ke5 51. Kd7 g5 52. h5
g4 53. Ke7 d5 54. c5 1-0

[Event "East Lansing (MI Am/4)"]
[Site "?"]
[Date "1992.??.??"]
[Round "?"]
[White "Rodriguez, Juan"]
[Black "Williams, BM."]
[Result "0-1"]
[WhiteElo "1605"]
[BlackElo "1620"]
[PlyCount "67"]
[EventDate "1992.??.??"]

1. e4 e6 2. d4 d5 3. Nc3 Bb4 4. e5 Nd7 5. a3 Bxc3+ 6. bxc3 Ne7 7. Bg5 c5 8. Nf3
Qa5 9. Qd2 Nc6 10. a4 c4 11. Be2 Nb6 12. O-O h6 13. Bh4 g5 14. Bg3 Nxa4 15. Ra3
b5 16. Rfa1 Qd8 17. Ne1 h5 18. f4 g4 19. Qd1 Nb6 20. Bf1 Kd7 21. Qb1 a6 22. Bf2
Qg8 23. Bh4 Bb7 24. g3 Nc8 25. Ng2 N8e7 26. Ne3 Ng6 27. Bf6 Rh7 28. f5 Nge7 29.
Bxe7 Kxe7 30. f6+ Kd7 31. Qd1 Qg5 32. Qe2 b4 33. cxb4 Nxd4 34. Qd2 0-1

[Event "Flint (Class C/5)"]
[Site "?"]
[Date "1992.??.??"]
[Round "?"]
[White "Rodriguez, Juan"]
[Black "Shull, D."]
[Result "1-0"]
[WhiteElo "1605"]
[BlackElo "1605"]
[PlyCount "87"]
[EventDate "1992.??.??"]

1. d4 Nf6 2. c4 d6 3. Nc3 g6 4. e4 Bg7 5. f3 Nbd7 6. Be3 O-O 7. Qd2 Re8 8. Bd3
b6 9. O-O-O c5 10. Nge2 cxd4 11. Nxd4 Nc5 12. h4 Nxd3+ 13. Qxd3 Bb7 14. g4 a6
15. h5 e5 16. Nde2 Rc8 17. hxg6 fxg6 18. Ng3 Rf8 19. Bh6 b5 20. Bxg7 Kxg7 21.
Qe3 Ng8 22. Rh2 Rxc4 23. Rdh1 Rf7 24. Rxh7+ Kf8 25. Rxf7+ Kxf7 26. Rh7+ Ke8 27.
a3 Rc7 28. Rh8 Kd7 29. Kd2 Kc8 30. Nd5 Bxd5 31. exd5 Rc5 32. Qd3 Kb7 33. Ne4
Rc4 34. Rxg8 Qxg8 35. Nxd6+ Kb6 36. Nxc4+ bxc4 37. Qxc4 Qf7 38. Qc6+ Ka7 39. d6
Qf4+ 40. Kc2 Qh2+ 41. Kb3 Qf4 42. d7 Qf7+ 43. Kc3 Qf4 44. Qc7+ 1-0

[Event "Detroit (MOR/6/66)"]
[Site "?"]
[Date "1992.??.??"]
[Round "?"]
[White "Rodriguez, Juan"]
[Black "Sattler, Peter"]
[Result "1-0"]
[WhiteElo "1605"]
[BlackElo "1725"]
[PlyCount "99"]
[EventDate "1992.??.??"]

{6/(66)} 1. d4 d5 2. Nf3 Nc6 3. g3 Nf6 4. Bg2 Bf5 5. O-O e6 6. Bg5 h6 7. Bf4
Nb4 8. Na3 a6 9. c3 Nc6 10. Nb1 Bd6 11. Bxd6 Qxd6 12. Re1 O-O-O 13. Nbd2 Ne4
14. Rc1 g5 15. c4 f6 16. cxd5 exd5 17. e3 h5 18. h4 g4 19. Nxe4 Bxe4 20. Nh2 f5
21. a3 Na5 22. Bf1 Rdf8 23. Qa4 Nc6 24. Bxa6 Nxd4 25. Bxb7+ Kxb7 26. Qxd4 Rhg8
27. Qc5 Qxc5 28. Rxc5 c6 29. Rec1 Rc8 30. Nf1 Bd3 31. Nd2 Kb6 32. R5c3 Be4 33.
b4 Rg6 34. Nb3 Rd6 35. Nd4 Rf6 36. a4 Rd6 37. a5+ Ka6 38. Rxc6+ Rdxc6 39. Rxc6+
Rxc6 40. b5+ Kxa5 41. bxc6 Kb6 42. Kf1 Kc7 43. Ke2 Kd6 44. Kd2 Bg2 45. Kc3 Bf1
46. Nxf5+ Kxc6 47. Kd4 Bg2 48. Ng7 Kd6 49. Nxh5 Ke6 50. Nf4+ 1-0

[Event "Detroit (MOR/2/101)"]
[Site "?"]
[Date "1992.??.??"]
[Round "?"]
[White "Rodriguez, Juan"]
[Black "Ruderman, M."]
[Result "1-0"]
[WhiteElo "1605"]
[BlackElo "1605"]
[PlyCount "51"]
[EventDate "1992.??.??"]

{2/(101)} 1. d4 d5 2. c4 dxc4 3. e4 Nf6 4. Nc3 e6 5. Bg5 c5 6. Nf3 cxd4 7. Nxd4
Bc5 8. Qa4+ Qd7 9. Qxd7+ Nbxd7 10. Rd1 h6 11. Bc1 g6 12. Ndb5 O-O 13. Bxh6 Rd8
14. Bg5 Bb4 15. Bxf6 Rf8 16. Bh4 f5 17. Bxc4 Ne5 18. Bb3 Bd7 19. O-O Bxc3 20.
Nxc3 b5 21. f4 Ng4 22. Rxd7 b4 23. Bxe6+ Kh8 24. Nd5 Rae8 25. Ne7 Nf6 26. Nxg6#
1-0

[Event "East Lansing (MI Am/1)"]
[Site "?"]
[Date "1992.??.??"]
[Round "?"]
[White "Rodriguez, Juan"]
[Black "Cooper, G."]
[Result "0-1"]
[WhiteElo "1605"]
[BlackElo "1605"]
[PlyCount "96"]
[EventDate "1992.??.??"]

1. d4 Nf6 2. c4 c5 3. Nf3 e6 4. Nc3 Nc6 5. g3 cxd4 6. Nxd4 Bc5 7. e3 Qb6 8. Nf3
O-O 9. Bg2 Ne7 10. O-O d5 11. Na4 Qa5 12. Nxc5 Qxc5 13. Bd2 dxc4 14. Rc1 e5 15.
Qe2 b5 16. a3 Bg4 17. h3 e4 18. hxg4 exf3 19. Bxf3 Rac8 20. Bb4 Qc7 21. Kg2
Rfd8 22. Qe1 Nc6 23. Bc3 Ne5 24. Bxe5 Qxe5 25. Qc3 Qe6 26. Rh1 Nxg4 27. Qc2 h6
28. Be4 Nf6 29. Bf3 Ng4 30. Bxg4 Qxg4 31. Rh4 Qe6 32. Qc3 Rd3 33. Qb4 a6 34. a4
Qc6+ 35. Kg1 Rcd8 36. Re1 Rd2 37. axb5 axb5 38. Rd4 R2xd4 39. exd4 Rd5 40. Qd2
Rh5 41. Kf1 Qf3 42. Re8+ Kh7 43. Qc2+ g6 44. Ke1 Rh1+ 45. Kd2 Qxf2+ 46. Kc3
Qxg3+ 47. Kb4 Qd6+ 48. Kc3 Rh3+ 0-1

[Event "Detroit (MOR/4/97)"]
[Site "?"]
[Date "1992.??.??"]
[Round "?"]
[White "Rodriguez, Juan"]
[Black "Carpenter, T."]
[Result "1-0"]
[WhiteElo "1605"]
[BlackElo "1605"]
[PlyCount "59"]
[EventDate "1992.??.??"]

{4/(97)} 1. d4 d6 2. c4 Nc6 3. g3 Bf5 4. Bg2 Nb4 5. Qa4+ Nc6 6. d5 Bd7 7. dxc6
bxc6 8. Bxc6 Rb8 9. Bxd7+ Qxd7 10. Qxd7+ Kxd7 11. Nf3 e6 12. O-O Nf6 13. Rd1
Be7 14. Ne5+ Ke8 15. Nc6 Rb6 16. Nxe7 Kxe7 17. b3 c5 18. Nc3 Rd8 19. e4 e5 20.
Bg5 Ke6 21. Bxf6 gxf6 22. Rd5 a6 23. Na4 Rc6 24. Rad1 a5 25. Nc3 Ke7 26. R1d3
Ke6 27. Rf3 Rg8 28. Nb5 Rg4 29. Nc3 a4 30. h3 1-0

[Event "East Lansing (MI Am/3)"]
[Site "?"]
[Date "1992.??.??"]
[Round "?"]
[White "Rodriguez, Juan"]
[Black "Boyle, R."]
[Result "1-0"]
[WhiteElo "1605"]
[BlackElo "1605"]
[PlyCount "43"]
[EventDate "1992.??.??"]

1. d4 d5 2. Nf3 Bf5 3. g3 e6 4. Bg2 Nc6 5. c3 Nf6 6. O-O Be4 7. Nbd2 Bxf3 8.
Nxf3 Qc8 9. Re1 e5 10. Nxe5 Na5 11. e4 c6 12. exd5 cxd5 13. Nc6+ Kd7 14. Bh3+
Kxc6 15. Bxc8 Rxc8 16. Qa4+ Kb6 17. Bd2 Nc4 18. Qb3+ Kc7 19. Bf4+ Bd6 20. Bxd6+
Kd8 21. Qxb7 Nd2 22. Qe7# 1-0

[Event "Flint (Class C/4)"]
[Site "?"]
[Date "1992.??.??"]
[Round "?"]
[White "Rodriguez, Juan"]
[Black "Bloch, Hermann"]
[Result "0-1"]
[WhiteElo "1605"]
[BlackElo "1605"]
[PlyCount "54"]
[EventDate "1992.??.??"]

1. d4 d5 2. c4 dxc4 3. Qa4+ Nc6 4. e3 Qd5 5. Nc3 Qa5 6. Qxc4 Nb4 7. Qe2 Bf5 8.
e4 Bg6 9. a3 O-O-O 10. Be3 Bxe4 11. Rc1 Nd3+ 12. Kd1 Nxc1 13. Kxc1 Bg6 14. Nf3
Bh5 15. h3 Bxf3 16. Qxf3 f6 17. d5 g6 18. Nb5 Bh6 19. Qg4+ f5 20. Qd4 Bxe3+ 21.
fxe3 Nf6 22. d6 Qb6 23. Qe5 Ne4 24. Qe6+ Rd7 25. Bc4 Qxe3+ 26. Kc2 Qf2+ 27. Kb3
Nc5+ 0-1

[Event "Flint (Class C/2)"]
[Site "?"]
[Date "1992.??.??"]
[Round "?"]
[White "Rodriguez, Juan"]
[Black "Arnold, L."]
[Result "0-1"]
[WhiteElo "1605"]
[BlackElo "1605"]
[PlyCount "76"]
[EventDate "1992.??.??"]

1. Nf3 d6 2. c4 Nf6 3. g3 c6 4. Bg2 Bg4 5. d4 Nbd7 6. O-O h6 7. Nc3 Qc7 8. e4
e5 9. Be3 Be7 10. h3 Bh5 11. Qd2 Bg6 12. Nh4 Bh7 13. Rac1 a6 14. Rfd1 Rd8 15.
Rf1 exd4 16. Bxd4 Ne5 17. b3 O-O 18. f4 Ng6 19. Nf5 Rfe8 20. g4 Nf8 21. g5 Nh5
22. Qe2 Bxf5 23. Qxh5 Bg6 24. Qf3 hxg5 25. f5 Bh7 26. Qg3 Nd7 27. h4 g4 28. f6
Bxf6 29. Bxf6 Nxf6 30. Rce1 Re5 31. Ne2 Kf8 32. Nf4 Qe7 33. Rf2 Bxe4 34. Bxe4
Rxe4 35. Ref1 Re3 36. Qg2 Kg8 37. h5 Ne4 38. h6 Rg3 0-1

[Event "Flint (Class C/3)"]
[Site "?"]
[Date "1992.??.??"]
[Round "?"]
[White "Robinson, Erik"]
[Black "Shull, D."]
[Result "1-0"]
[WhiteElo "1605"]
[BlackElo "1605"]
[PlyCount "49"]
[EventDate "1992.??.??"]

1. b4 b5 2. Bb2 e6 3. g3 a5 4. Bg2 d5 5. e4 Bb7 6. exd5 Bxd5 7. Bxd5 Qxd5 8.
Nf3 f6 9. Nc3 Qd7 10. Qe2 c6 11. O-O Bxb4 12. Rfe1 Ne7 13. Qxe6 Qxe6 14. Rxe6
O-O 15. a3 Bxc3 16. Bxc3 a4 17. Rxe7 Na6 18. Ng5 Rfe8 19. Rae1 Rxe7 20. Rxe7 h6
21. Ne6 c5 22. Rxg7+ Kh8 23. Bxf6 b4 24. Nf4 b3 25. Ng6# 1-0

[Event "Flint (Class C/1)"]
[Site "?"]
[Date "1992.??.??"]
[Round "?"]
[White "Robinson, Erik"]
[Black "Rumsey, S."]
[Result "0-1"]
[WhiteElo "1605"]
[BlackElo "1605"]
[PlyCount "60"]
[EventDate "1992.??.??"]

1. e4 c5 2. Nf3 d6 3. Bc4 Nf6 4. d3 Bg4 5. Bg5 e6 6. h3 Bxf3 7. Qxf3 Be7 8. e5
Nd5 9. Bxe7 Qxe7 10. exd6 Qxd6 11. O-O Nc6 12. Bb5 O-O 13. Na3 Nd4 14. Qg3 Ne2+
15. Kh2 Nxg3 16. fxg3 Nc7 17. Ba4 b5 18. Bb3 a5 19. c4 b4 20. Nb1 a4 21. Bc2 b3
22. axb3 axb3 23. Rxa8 Rxa8 24. Bxb3 Qxd3 25. Bc2 Qxf1 26. Na3 Rd8 27. Nb1 Qc1
28. Be4 Rd1 29. g4 Qf4+ 30. g3 Qxe4 0-1